Pyramída Robotizácia, automatizácia a pružné výrobné systémy

Uložené v:
Podrobná bibliografia
Médium: Seriál
Jazyk:Slovak
Vydavateľské údaje: Bratislava Obzor 1988
Tagy: Pridať tag
Žiadne tagy, Buďte prvý, kto otaguje tento záznam!

MARC

LEADER 00000nas2a2200000 4500
001 s027005
005 20250730114136.5
041 0 |a slo 
044 |a SK 
245 1 0 |a Pyramída  |b Robotizácia, automatizácia a pružné výrobné systémy 
264 1 |a Bratislava  |b Obzor  |c 1988 
773 0 |w eu_un_cat*s120610